000 00522nam a2200157 4500
001 131329
003 ES-MaACL
005 20230906193948.0
007 t|
008 070214s1962 sp r ||||1| spa d
100 1 _aRodríguez, Eugenio.
_998235
245 1 0 _aPregón de las ferias y fiestas de San Antolín de Medina del Campo (Valladolid)
_b: 1º de septiembre de 1961 /
_cEugenio Rodríguez.
260 _aMadrid :
_b[s.n.],
_c1962 (
_fTip. Ograma)
300 _a43 p. ;
_c15 cm.
852 _aES-MaACL
_jF-3570
_bR.50833
999 _c131329
_d131329